'Stan' Countries in Alphabetical Order - Statistics

General Stats
  • This quiz has been taken 217 times
  • The average score is 7 of 7
Answer Stats
Country % Correct
Afghanistan
100%
Kazakhstan
97%
Kyrgyzstan
96%
Pakistan
96%
Turkmenistan
95%
Tajikistan
94%
Uzbekistan
94%
No matching quizzes found
Score Distribution
Percent of People with Each Score
Percentile by Number Answered
Your Score History
You have not taken this quiz